The impacts of housing stock transfers in urban Britain (Record no. 109314)
[ view plain ]
| 000 -LEADER | |
|---|---|
| fixed length control field | 01648cad a22002895a 4500 |
| 001 - CONTROL NUMBER | |
| control field | E146838 |
| 008 - FIXED-LENGTH DATA ELEMENTS--GENERAL INFORMATION | |
| fixed length control field | 090304s2009 xxk f 000 0 eng d |
| 020 ## - INTERNATIONAL STANDARD BOOK NUMBER | |
| International Standard Book Number | 9781905018727 (print) |
| -- | 9781905018734 (online) |
| 035 ## - SYSTEM CONTROL NUMBER | |
| System control number | (Sirsi) u146838 |
| 041 0# - LANGUAGE CODE | |
| Language code of text/sound track or separate title | eng |
| 050 04 - LIBRARY OF CONGRESS CALL NUMBER | |
| Classification number | 306.1 $2 18 |
| 100 1# - MAIN ENTRY--PERSONAL NAME | |
| Personal name | Pawson, Hal |
| 245 04 - TITLE STATEMENT | |
| Title | The impacts of housing stock transfers in urban Britain |
| Medium | [electronic resource] |
| 260 ## - PUBLICATION, DISTRIBUTION, ETC. | |
| Place of publication, distribution, etc. | Coventry |
| Name of publisher, distributor, etc. | CIH |
| Place of publication, distribution, etc. | York |
| Name of publisher, distributor, etc. | JRF |
| Date of publication, distribution, etc. | 2009 |
| 505 2# - FORMATTED CONTENTS NOTE | |
| Formatted contents note | Introduction -- Transfer promises: overview of commitments and investment delivery -- Evolution of transfer housing association business plans -- Governance and tenant empowerment -- Organisational culture and management -- Housing management services and customer satisfaction -- Regeneration impacts -- Transfer housing association staff perspectives -- Conclusions |
| 520 ## - SUMMARY, ETC. | |
| Summary, etc. | Examines the effects of housing stock transfers which have been carried out across Britain since 1997. Looks in detail at 10 case studies and discusses whether 'transfer promises' were met; the effect which the transfers had on organisation and service delivery; and the contribution which transfers have made to regeneration and social inclusion. |
| 521 ## - TARGET AUDIENCE NOTE | |
| Target audience note | Advanced |
| 590 ## - LOCAL NOTE (RLIN) | |
| Local note | KA |
| 651 #4 - SUBJECT ADDED ENTRY--GEOGRAPHIC NAME | |
| Geographic name | Great Britain |
| Chronological subdivision | 1707- |
| 690 ## - LOCAL SUBJECT ADDED ENTRY--TOPICAL TERM (OCLC, RLIN) | |
| Topical term or geographic name as entry element | PROPERTY-RESIDENTIAL PROPERTY-DOMESTIC RESIDENTIAL PROPERTY-HOUSING |
| 700 1# - ADDED ENTRY--PERSONAL NAME | |
| Personal name | Davidson, Emma |
| 700 1# - ADDED ENTRY--PERSONAL NAME | |
| Personal name | Morgan, James |
| 700 1# - ADDED ENTRY--PERSONAL NAME | |
| Personal name | Smith, Robert |
| 700 1# - ADDED ENTRY--PERSONAL NAME | |
| Personal name | Edwards, Rebecca |
| 856 40 - ELECTRONIC LOCATION AND ACCESS | |
| Uniform Resource Identifier | <a href="https://www.jrf.org.uk/publications/impacts-housing-stock-transfers-urban-britain">https://www.jrf.org.uk/publications/impacts-housing-stock-transfers-urban-britain</a> |
| Public note | View the report free of charge at www.jrf.org.uk... |
| 942 ## - ADDED ENTRY ELEMENTS (KOHA) | |
| Suppress in OPAC | 0 |
| Withdrawn status | Lost status | Source of classification or shelving scheme | Damaged status | Not for loan | Home library | Current library | Shelving location | Date acquired | Total Checkouts | Full call number | Barcode | Date last seen | Copy number | Price effective from | Koha item type |
|---|---|---|---|---|---|---|---|---|---|---|---|---|---|---|---|
| Dewey Decimal Classification | Virtual | Virtual | Online | 04/03/2009 | ONLINE PUBLICATION | 146838-2001 | 06/08/2019 | 1 | 06/08/2019 | Book |